morphologischer Aufbau von Copepoda - Statistics

General Stats
  • This quiz has been taken 10 times
  • The average score is 6 of 10
Answer Stats
Picture Answer % Correct
4. Darm
100%
5. Herz
100%
10. 2. Antenne
50%
1. Naupliusauge
50%
2. Gehirn
50%
3. Aorta
50%
6. Ovar
50%
7. Furca
50%
9. 1. Antenne
50%
8. Eisäckchen
0%
No matching quizzes found
Score Distribution
Percent of People with Each Score
Percentile by Number Answered
Your Score History
You have not taken this quiz